| 000 | 00673nam a22002177a 4500 | ||
|---|---|---|---|
| 003 | OSt | ||
| 005 | 20140310182330.0 | ||
| 008 | 130921t xxu||||| |||| 00| 0 eng d | ||
| 020 | _a1563977362 | ||
| 050 |
_aPZ 7 _b.W146St 1999 |
||
| 082 |
_aGS 823 _b.W14s 1999 |
||
| 100 |
_aWaldman, Neil _921368 |
||
| 245 |
_aThe starry night / _cNeil Waldman. |
||
| 260 |
_aPennsylvania : _bCaroline House, _c1999. |
||
| 300 |
_a32 p. : _bcol. ill. ; _c31 cm. |
||
| 541 | _j1 | ||
| 650 |
_aVan Gogh,Vincent,1853-1890 _xFiction _xJuvenile literature _921369 |
||
| 650 |
_aFantasy _xJuvenile literature _921370 |
||
| 650 |
_aNew York (N.Y.) _xfiction _921371 |
||
| 942 |
_2lcc _cFIC |
||
| 999 |
_c11961 _d11961 |
||